Digestive system quiz #2 - Statistics

General Stats
  • This quiz has been taken 22 times
  • The average score is 3 of 14
Answer Stats
Hint Answer % Correct
what does it regulate? blood sugar
69%
What does the pancreas produce? insulin
69%
what is the gallbladder shaped like? a pear
23%
How big is the Gallbladder 3.9 inches long
15%
Where is it located below the liver
15%
what does it store? bile from the liver
15%
What does the rectum do? it stores waste
15%
What is the epiglottis A flap of Cartilage
8%
Where is the rectum located? below the large intestine
8%
what does the epiglottis do Protects the larynx
8%
What does the pancreas breakdown? proteins fats, and carbohydrates
8%
what does the anus do Receives signals, indicating the rectum is full
8%
symptoms of diseased gallbladder are Right shoulder pain, back pain, nausea, and vomiting.
8%
You can live without a pancreas, but. you need daily shots of insulin
8%
No matching quizzes found
Score Distribution
Percent of People with Each Score
Percentile by Number Answered
Your Score History
You have not taken this quiz